World resources 1996-97 : (Record no. 6342)
[ view plain ]
| 000 -LEADER | |
|---|---|
| fixed length control field | 00537cam a22001932 4500 |
| 001 - CONTROL NUMBER | |
| control field | 0000003300 |
| 005 - DATE AND TIME OF LATEST TRANSACTION | |
| control field | 20151217151922.0 |
| 008 - FIXED-LENGTH DATA ELEMENTS--GENERAL INFORMATION | |
| fixed length control field | 070503s xx 000 0 eng d |
| 020 ## - INTERNATIONAL STANDARD BOOK NUMBER | |
| International Standard Book Number | 0195211618 : |
| Terms of availability | KES 1,300 |
| 040 ## - CATALOGING SOURCE | |
| Original cataloging agency | KABU |
| Transcribing agency | KABU |
| 050 #0 - LIBRARY OF CONGRESS CALL NUMBER | |
| Classification number | HT241 |
| Item number | .W67 1996 |
| 245 10 - TITLE STATEMENT | |
| Title | World resources 1996-97 : |
| Remainder of title | the urban environment. |
| 260 ## - PUBLICATION, DISTRIBUTION, ETC. (IMPRINT) | |
| Place of publication, distribution, etc. | Oxford : |
| Name of publisher, distributor, etc. | OUP, |
| Date of publication, distribution, etc. | 1996. |
| 300 ## - PHYSICAL DESCRIPTION | |
| Extent | xiv, 365 p. |
| 650 #0 - SUBJECT ADDED ENTRY--TOPICAL TERM | |
| Topical term or geographic name as entry element | Urban ecology. |
| -- | 0000047170 |
| 908 ## - PUT COMMAND PARAMETER (RLIN) | |
| Put command parameter | 070503 |
| 950 ## - LOCAL HOLDINGS (RLIN) | |
| -- | 1 |
| Withdrawn status | Lost status | Source of classification or shelving scheme | Not for loan | Home library | Current library | Date acquired | Total Checkouts | Full call number | Barcode | Date last seen | Price effective from | Koha item type |
|---|---|---|---|---|---|---|---|---|---|---|---|---|
| Library of Congress Classification | Kabarak, Main Campus | Kabarak, Main Campus | 17/12/2015 | HT241 .W67 1996 | 004730 | 17/12/2015 | 17/12/2015 | General Collection |